000 01138nam a2200289 i 4500
003 EG-GICUC
005 20260502073925.0
008 260502s2010 ua |||frb||| 00| 0 ara d
040 _a EG-GICUC
_c EG-GICUC
_d EG-GICUC
_erda
082 0 4 _221
_a345.52
_bص ب . ع
092 0 4 _221
099 _aLaw1 345.52 ص ب . ع 2010
100 1 _aصبري محمد السنوسي محمد
_eمؤلف.
245 1 2 _aالإعتقال الإداري بين الحرية الشخصية ومقتضيات النظام العام /
_cالاستاذ الدكتور صبري محمد السنوسي محمد.
264 1 _aالقاهرة :
_bدار النهضة العربية،
_c2010.
300 _a455 ؛ صفحة
_c24 سم
336 _2rda content
_atext
337 _2rda media
_aComputer
338 _2rda carrier
_aOnline Resource
504 _aيشتمل علي ارجاعات ببليوجرافية
546 _aالنص باللغة العربية
650 1 4 _aمعيار المال عام
_2qrmak
651 1 _2qrmak
856 4 0 _uhttps://fll.law.cu.edu.eg/fulltext/bks/B07-04343.pdf
905 _a161
942 _2ddc
_cBK
_e21
_n0
999 _c74704
_d74704